Paroles F.T.L - Tip Stevens - Statistiques

Statistiques générales
  • Ce quiz a été pris 40 fois
  • Le résultat moyen est 254 sur 305
Statistiques - réponses
Lyrics % Correct
a
100%
I
100%
the
100%
are
96%
for
96%
Fuck
96%
fuck
96%
lyrics
96%
lyrics,
96%
no
96%
No
96%
So
96%
you
96%
You
96%
can't
92%
Forget
92%
forget
92%
if
92%
on
92%
smart,
92%
smart
92%
there
92%
to
92%
yeah
88%
Yeah
88%
in
85%
it
85%
it,
85%
one
85%
Shakespeare
85%
cares
81%
Cause
81%
I'm
81%
let
81%
Let
81%
my
81%
paper
81%
planes
81%
They
81%
they
81%
want
81%
will
81%
but
77%
But
77%
end
77%
many
77%
me
77%
of
77%
Oh,
77%
shit
77%
Ah
73%
always
73%
Always
73%
blame
73%
dance
73%
give
73%
just
73%
know
73%
never
73%
nights
73%
spent
73%
too
73%
won't
73%
answer
69%
drafts
69%
into
69%
once,
69%
tell
69%
that's
69%
try
69%
write
69%
grab
65%
it's
65%
pen
65%
sound
65%
turned
65%
blanks
62%
down
62%
Even
62%
notice,
62%
over
62%
remember
62%
up
62%
what
62%
what :
62%
words
62%
brain
58%
brain,
58%
filling
58%
I've
58%
overthinking,
58%
own
58%
songs,
58%
think
58%
wanted
58%
Come
54%
found
54%
hard
54%
mess
54%
rack
42%
oui
38%
mais
31%
Aucun quiz correspondant
Distribution des résultats
% des personnes avec chaque résultat
Percentile par nombre de réponses
Votre historique - résultats
Vous n’avez pas pris ce quiz